000 00641nam a2200193 a 4500
999 _c2464
_d2464
001 2464
003 BD-JhCC
005 20171105103647.0
008 171102s1398 bg ||||| |||| 00| 0 b d
035 _a(BD-JhCC)
040 _aBD-JhCC
_dBD-JhCC
041 _aben
082 _a891.4409
_bISL 1398
100 _aইসলাম, নজরুল
245 _aসৃস্টি সুখের উল্লাসে /
_cকাজী নজরুল ইসলাম; মনিরুজ্জমান (সম্পাদক)
300 _a১১৮ পৃ. ;
_c২২ সেমি
650 _aKazi Nazrul Islam
_xBiography
942 _2ddc
_cBK